<?xml version="1.0" encoding="UTF-8"?>
<marc:record xmlns:marc="http://www.loc.gov/MARC21/slim">
   <marc:leader>00000nam a2200000 a 4500</marc:leader>
   <marc:datafield ind1="1" ind2=" " tag="100">
      <marc:subfield code="a">Gray, Patrick</marc:subfield>
      <marc:subfield code="4">aut</marc:subfield>
      <marc:subfield code="e">Verfasser/-in</marc:subfield>
   </marc:datafield>
   <marc:datafield ind1=" " ind2=" " tag="653">
      <marc:subfield code="a">Freundschaft</marc:subfield>
   </marc:datafield>
   <marc:datafield ind1=" " ind2=" " tag="653">
      <marc:subfield code="a">Schicksal</marc:subfield>
   </marc:datafield>
   <marc:datafield ind1=" " ind2=" " tag="653">
      <marc:subfield code="a">Jakobsweg</marc:subfield>
   </marc:datafield>
   <marc:datafield ind1="0" ind2="0" tag="245">
      <marc:subfield code="a">I´ll push you</marc:subfield>
   </marc:datafield>
   <marc:datafield ind1="0" ind2="0" tag="245">
      <marc:subfield code="b">Der Jakobsweg, zwei beste Freunde und ein Rollstuhl</marc:subfield>
   </marc:datafield>
   <marc:datafield ind1=" " ind2="1" tag="264">
      <marc:subfield code="b">Red  Bull Media House GmbH</marc:subfield>
      <marc:subfield code="c">2017</marc:subfield>
   </marc:datafield>
   <marc:datafield ind1="1" ind2=" " tag="520">
      <marc:subfield code="a">Mit 16 erleidet Justin einen Verkehrsunfall, der ihn fast tötet und eine langsam voranschreitende Autoimmunerkrankung auslöst. Er kann seine Arme und Beine nicht mehr bewegen, ist auf den Rollstuhl angewiesen. Sein Traum: den Jakobsweg gehen. Als er seinem Freund Patrick davon erzählt, zögert dieser nicht, sich mit ihm zusammen auf das Abenteuer einzulassen. Sechs Wochen sind die beiden unterwegs, die Reise bringt beide an ihre Grenzen, doch gemeinsam bewältigen sie die 800 Kilometer über Stock und Stein durch Nordspanien. Ein ungewöhnliches Zeugnis von Mut, Glauben und wahrer Freundschaft, das dazu anregt, das eigene Leben infrage zu stellen und Dinge zu wagen, die man bisher nie für möglich hielt.</marc:subfield>
   </marc:datafield>
   <marc:datafield ind1=" " ind2=" " tag="020">
      <marc:subfield code="a">9783710900280</marc:subfield>
      <marc:subfield code="9">9783710900280</marc:subfield>
   </marc:datafield>
</marc:record>
